000 00471nam a2200193Ia 4500
005 20250423100205.0
008 250422s9999 xx 000 0 und d
020 _a13-978-0-19-568926-6
050 _aHB 172 .C593/
100 _aFrank Cowell
245 0 _aMicro Economic: Principle and Analysis
250 _a3rd ed.
260 _aNew York
260 _bOxford University Press
260 _c2010
300 _a637 p
650 _aMicro Economics
942 _cBK
999 _c32553
_d32553